000 nam a22 7a 4500
999 _c126985
_d126985
008 170928b xxu||||| |||| 00| 0 eng d
050 _aB72.C62 1955 v.1
100 _aCopleston, Fredrick S.J.
_936621
245 _aA history of philosophy
250 _aRevised ed.
260 _aMaryland
_bThe Newman Press
_c1955